<?xml version="1.0" encoding="UTF-8"?>
<record
    xmlns:xsi="http://www.w3.org/2001/XMLSchema-instance"
    xsi:schemaLocation="http://www.loc.gov/MARC21/slim http://www.loc.gov/standards/marcxml/schema/MARC21slim.xsd"
    xmlns="http://www.loc.gov/MARC21/slim">

  <leader>00734nam a22001577a 4500</leader>
  <controlfield tag="003">OSt</controlfield>
  <controlfield tag="005">20161105090515.0</controlfield>
  <controlfield tag="008">161105b        xxu||||| |||| 00| 0 eng d</controlfield>
  <datafield tag="040" ind1=" " ind2=" ">
    <subfield code="c">RUA</subfield>
  </datafield>
  <datafield tag="082" ind1=" " ind2=" ">
    <subfield code="a">AGR PRO 2015 B519 Or.1</subfield>
  </datafield>
  <datafield tag="100" ind1=" " ind2=" ">
    <subfield code="9">11197</subfield>
    <subfield code="a">PROM RAKSMEYVUTHANA; &#x1796;&#x17D2;&#x179A;&#x17BB;&#x17C6; &#x179A;&#x179F;&#x17D2;&#x1798;&#x17B8;&#x179C;&#x178C;&#x17D2;&#x178D;&#x1793;&#x17B6;</subfield>
  </datafield>
  <datafield tag="245" ind1=" " ind2=" ">
    <subfield code="a">Comparison of celery cabbage ( Brassica compestris) varieties under royal university of agriculture condition; &#x1780;&#x17B6;&#x179A;&#x1794;&#x17D2;&#x179A;&#x17C0;&#x1794;&#x1792;&#x17C0;&#x1794;&#x1796;&#x17BC;&#x1787;&#x179F;&#x17D2;&#x1796;&#x17C3;&#x1785;&#x1784;&#x17D2;&#x1780;&#x17B9;&#x17C7;&#x1793;&#x17C5;&#x1780;&#x17D2;&#x1793;&#x17BB;&#x1784;&#x179B;&#x1780;&#x17D2;&#x1781;&#x1781;&#x178E;&#x17D2;&#x178C;&#x179F;&#x17B6;&#x1780;&#x179B;&#x179C;&#x17B7;&#x1791;&#x17D2;&#x1799;&#x17B6;&#x179B;&#x17D0;&#x1799;&#x1797;&#x17BC;&#x1798;&#x17B7;&#x1793;&#x17D2;&#x1791;&#x1780;&#x179F;&#x17B7;&#x1780;&#x1798;&#x17D2;&#x1798;</subfield>
  </datafield>
  <datafield tag="260" ind1=" " ind2=" ">
    <subfield code="a">Phnom Penh</subfield>
    <subfield code="b">RUA</subfield>
    <subfield code="c">2015</subfield>
  </datafield>
  <datafield tag="300" ind1=" " ind2=" ">
    <subfield code="a">xii; 37p;</subfield>
    <subfield code="b">ill;</subfield>
    <subfield code="c">29cm;</subfield>
  </datafield>
  <datafield tag="942" ind1=" " ind2=" ">
    <subfield code="2">ddc</subfield>
    <subfield code="c">AGR</subfield>
  </datafield>
  <datafield tag="999" ind1=" " ind2=" ">
    <subfield code="c">10764</subfield>
    <subfield code="d">10764</subfield>
  </datafield>
  <datafield tag="952" ind1=" " ind2=" ">
    <subfield code="0">0</subfield>
    <subfield code="1">0</subfield>
    <subfield code="2">ddc</subfield>
    <subfield code="4">0</subfield>
    <subfield code="6">AGR_PRO_2015_000000000000000_B519_OR_1</subfield>
    <subfield code="7">0</subfield>
    <subfield code="9">56167</subfield>
    <subfield code="a">LBB</subfield>
    <subfield code="b">LBB</subfield>
    <subfield code="c">B519</subfield>
    <subfield code="d">2016-11-05</subfield>
    <subfield code="l">3</subfield>
    <subfield code="o">AGR PRO 2015 B519 Or.1</subfield>
    <subfield code="p">A03919</subfield>
    <subfield code="r">2024-06-25</subfield>
    <subfield code="s">2024-06-04</subfield>
    <subfield code="w">2016-11-05</subfield>
    <subfield code="y">AGR</subfield>
  </datafield>
  <datafield tag="952" ind1=" " ind2=" ">
    <subfield code="0">0</subfield>
    <subfield code="1">0</subfield>
    <subfield code="2">ddc</subfield>
    <subfield code="4">0</subfield>
    <subfield code="6">AGR_PRO_2015_000000000000000_B519_OR_2</subfield>
    <subfield code="7">0</subfield>
    <subfield code="9">56168</subfield>
    <subfield code="a">LBB</subfield>
    <subfield code="b">LBB</subfield>
    <subfield code="c">B519</subfield>
    <subfield code="d">2016-11-05</subfield>
    <subfield code="l">4</subfield>
    <subfield code="o">AGR PRO 2015 B519 Or.2</subfield>
    <subfield code="p">A03111</subfield>
    <subfield code="r">2019-11-04</subfield>
    <subfield code="s">2019-10-04</subfield>
    <subfield code="w">2016-11-05</subfield>
    <subfield code="y">AGR</subfield>
  </datafield>
  <datafield tag="952" ind1=" " ind2=" ">
    <subfield code="0">0</subfield>
    <subfield code="1">0</subfield>
    <subfield code="2">ddc</subfield>
    <subfield code="4">0</subfield>
    <subfield code="6">AGR_PRO_2015_000000000000000_B519_OR_3</subfield>
    <subfield code="7">0</subfield>
    <subfield code="9">56169</subfield>
    <subfield code="a">LBB</subfield>
    <subfield code="b">LBB</subfield>
    <subfield code="c">B519</subfield>
    <subfield code="d">2016-11-05</subfield>
    <subfield code="o">AGR PRO 2015 B519 Or.3</subfield>
    <subfield code="p">A03036</subfield>
    <subfield code="r">2016-11-05</subfield>
    <subfield code="w">2016-11-05</subfield>
    <subfield code="y">AGR</subfield>
  </datafield>
  <datafield tag="952" ind1=" " ind2=" ">
    <subfield code="0">0</subfield>
    <subfield code="1">0</subfield>
    <subfield code="2">ddc</subfield>
    <subfield code="4">0</subfield>
    <subfield code="6">AGR_PRO_2015_000000000000000_B519_OR_4</subfield>
    <subfield code="7">0</subfield>
    <subfield code="9">56170</subfield>
    <subfield code="a">LBB</subfield>
    <subfield code="b">LBB</subfield>
    <subfield code="c">B519</subfield>
    <subfield code="d">2016-11-05</subfield>
    <subfield code="l">3</subfield>
    <subfield code="o">AGR PRO 2015 B519 Or.4</subfield>
    <subfield code="p">A03964</subfield>
    <subfield code="r">2023-12-20</subfield>
    <subfield code="s">2023-11-24</subfield>
    <subfield code="w">2016-11-05</subfield>
    <subfield code="y">AGR</subfield>
  </datafield>
  <datafield tag="952" ind1=" " ind2=" ">
    <subfield code="0">0</subfield>
    <subfield code="1">0</subfield>
    <subfield code="2">ddc</subfield>
    <subfield code="4">0</subfield>
    <subfield code="6">AGR_PRO_2015_000000000000000_B519_OR_5</subfield>
    <subfield code="7">0</subfield>
    <subfield code="9">56171</subfield>
    <subfield code="a">LBB</subfield>
    <subfield code="b">LBB</subfield>
    <subfield code="c">B519</subfield>
    <subfield code="d">2016-11-05</subfield>
    <subfield code="l">4</subfield>
    <subfield code="o">AGR PRO 2015 B519 Or.5</subfield>
    <subfield code="p">A04433</subfield>
    <subfield code="r">2024-05-31</subfield>
    <subfield code="s">2024-04-30</subfield>
    <subfield code="w">2016-11-05</subfield>
    <subfield code="y">AGR</subfield>
  </datafield>
  <datafield tag="952" ind1=" " ind2=" ">
    <subfield code="0">0</subfield>
    <subfield code="1">0</subfield>
    <subfield code="2">ddc</subfield>
    <subfield code="4">0</subfield>
    <subfield code="6">AGR_PRO_2015_000000000000000_B519_OR_6</subfield>
    <subfield code="7">0</subfield>
    <subfield code="9">56172</subfield>
    <subfield code="a">LBB</subfield>
    <subfield code="b">LBB</subfield>
    <subfield code="c">B519</subfield>
    <subfield code="d">2016-11-05</subfield>
    <subfield code="l">1</subfield>
    <subfield code="o">AGR PRO 2015 B519 Or.6</subfield>
    <subfield code="p">A03793</subfield>
    <subfield code="r">2021-02-19</subfield>
    <subfield code="s">2021-01-27</subfield>
    <subfield code="w">2016-11-05</subfield>
    <subfield code="y">AGR</subfield>
  </datafield>
  <datafield tag="952" ind1=" " ind2=" ">
    <subfield code="0">0</subfield>
    <subfield code="1">0</subfield>
    <subfield code="2">ddc</subfield>
    <subfield code="4">0</subfield>
    <subfield code="6">AGR_PRO_2015_000000000000000_B519_OR_7</subfield>
    <subfield code="7">0</subfield>
    <subfield code="9">56173</subfield>
    <subfield code="a">LBB</subfield>
    <subfield code="b">LBB</subfield>
    <subfield code="c">B519</subfield>
    <subfield code="d">2016-11-05</subfield>
    <subfield code="l">5</subfield>
    <subfield code="m">1</subfield>
    <subfield code="o">AGR PRO 2015 B519 Or.7</subfield>
    <subfield code="p">A03443</subfield>
    <subfield code="r">2020-06-15</subfield>
    <subfield code="s">2020-05-19</subfield>
    <subfield code="w">2016-11-05</subfield>
    <subfield code="y">AGR</subfield>
  </datafield>
  <datafield tag="952" ind1=" " ind2=" ">
    <subfield code="0">0</subfield>
    <subfield code="1">0</subfield>
    <subfield code="2">ddc</subfield>
    <subfield code="4">0</subfield>
    <subfield code="6">AGR_PRO_2015_000000000000000_B519_OR_8</subfield>
    <subfield code="7">0</subfield>
    <subfield code="9">56174</subfield>
    <subfield code="a">LBB</subfield>
    <subfield code="b">LBB</subfield>
    <subfield code="c">B519</subfield>
    <subfield code="d">2016-11-05</subfield>
    <subfield code="l">9</subfield>
    <subfield code="o">AGR PRO 2015 B519 Or.8</subfield>
    <subfield code="p">A04425</subfield>
    <subfield code="r">2020-11-20</subfield>
    <subfield code="s">2020-11-10</subfield>
    <subfield code="w">2016-11-05</subfield>
    <subfield code="y">AGR</subfield>
  </datafield>
</record>
